Robbins & Cotran pathologic basis of disease
Guardat en:
| Autor principal: | |
|---|---|
| Format: | Llibre |
| Idioma: | anglès |
| Publicat: |
Elsivier
2021
|
| Etiquetes: |
Afegir etiqueta
Sense etiquetes, Sigues el primer a etiquetar aquest registre!
|
MARC
| LEADER | 00000nam a22000007a 4500 | ||
|---|---|---|---|
| 008 | 240104b |||||||| |||| 00| 0 eng d | ||
| 020 | |a 9780323609920 | ||
| 100 | |a KUMAR, Vinay |a Abbas, Abul K. |a Aster, Jon C. | ||
| 245 | |a Robbins & Cotran pathologic basis of disease |c /Vinay Kumar,Abul K.Abba, Jon c. Aster |g xii, 1379p;ill | ||
| 260 | |b Elsivier |c 2021 |h Philadephia |i 700407 |i 700408 |i 700409 |l RB111.K96 |m Pathology |m Pathologic processes | ||
| 500 | |a it includes index | ||
| 942 | |a lcc |c BK |e Johnson |f 04/01/24 | ||
| 952 | |0 0 |1 0 |2 lcc |4 0 |6 RB0111 K96 |7 0 |9 4749 |a HE |b HOL |c QZ |d 2024-01-04 |l 0 |o RB111.K96 |p 2024-0003 |r 2024-01-04 00:00:00 |t 700407 |w 2024-01-04 |y BK | ||
| 952 | |0 0 |1 0 |2 lcc |4 0 |6 RB0111 K96 |7 0 |9 4750 |a HOL |b HOL |c QZ |d 2024-01-04 |l 0 |o RB111.K96 |p 2024-0004 |r 2024-01-04 00:00:00 |t 700408 |w 2024-01-04 |y BK | ||
| 952 | |0 0 |1 0 |2 lcc |4 0 |6 RB0111 K96 |7 0 |9 4751 |a HOL |b HOL |c QZ |d 2024-01-04 |l 0 |o RB111.K96 |p 2024-0005 |r 2024-01-04 00:00:00 |t 700409 |w 2024-01-04 |y BK | ||
| 999 | |c 2380 |d 2380 | ||